000 00703nam0a22002291 4500
001 rc\439962
005 20250621084804.0
035 _a(NLR Aleph) 005686207
090 _a7126911
_c7126911
100 _a20030616d1987 |||y0rusy50 ca
101 0 _arus
102 _aRU
105 _aa |||||||||
200 1 _aТкацкие переплетения
_fПер. с норв. Б.П. Колтунова
_gПод ред. Н.Ф. Сурниной
210 _aМ.
_cЛегпромбытиздат
_d1987
215 _a103 с.
_cил.
_d20
700 1 _aЛунд-Иверсен
_bБ.
_gБерит
801 0 _aRU
_bNLR
_gpsbo
801 1 _aRU
_bELAR
_2rusmarc
852 _aNLR
_j87-3/11506
942 _cBOOK
980 _aNB